| 000 | 00683nam a2200217Ii 4500 | ||
|---|---|---|---|
| 003 | JO-AjNU | ||
| 008 | 230605s9999||||xx |||||||||||||| ||und|| | ||
| 017 | _a2003/3/382 | ||
| 040 |
_aJO-AjNU _bara _erda _cJO-AjNU |
||
| 041 | _aara | ||
| 050 | 1 | 4 | _aBP130.73.S246 2005 |
| 100 | 3 |
_aالساكت، محمد عبد الغني عودة, _eauthor _99288 |
|
| 245 | 0 | 0 | _aآيات ومعجزات من القرآن الكريم |
| 250 | _aط1 | ||
| 264 | 3 | 1 | _aالسلط: المؤلف، 2005 |
| 300 | _a103ص | ||
| 336 |
_atext _btxt _2rdacontent |
||
| 337 |
_aunmediated _bn _2rdamedia |
||
| 338 |
_avolume _bnc _2rdacarrier |
||
| 650 | 4 |
_aالقران الكريم - الاعجاز _99289 |
|
| 999 |
_aA1221 _c4789 _d4789 |
||